00629nam a2200169 a 450000100100000000500170001000800410002704000250006808200150009310000420010824500960015026000380024630000380028450000570032250400370037970000430041600002122020240305081128.0100902s1996 dr bc 000 0 spa d aDO-SdBNPbspacBNPHU axxxbC111c1 aCaamaño Castillo, Rafael E.,d1943-10aComendador :bapuntes para su historia /cRafael E. Caamaño E. ; Miguel A. Holguin Veras. aSanto Domingo :bCorripio,c1996. a152 p. :bmap. ; retrs. ;c23 cm. aIncluye datos biográficos del autor en las solapas aIncluye bibliografías [p. 147]1 aHolguín Veras, Miguel A.,d1927-2007